Management accounting : (Record no. 36451)

MARC details
000 -LEADER
fixed length control field 00883nam a22002657a 4500
005 - DATE AND TIME OF LATEST TRANSACTION
control field 20100601152636.0
008 - FIXED-LENGTH DATA ELEMENTS--GENERAL INFORMATION
fixed length control field 100601t xxu||||| |||| 00| 0 eng d
010 ## - LCCN (DPL NO)
LC control number ENG-96248
020 ## - INTERNATIONAL STANDARD BOOK NUMBER
International Standard Book Number 9780070681965
Terms of availability 485.00
020 ## - INTERNATIONAL STANDARD BOOK NUMBER
International Standard Book Number 0070681961
Terms of availability 485.00
035 ## - SYSTEM CONTROL NUMBER
System control number EN-79781
037 ## - SOURCE OF ACQUISITION
Source of stock number/acquisition DBAD/PUB
040 ## - CATALOGING SOURCE
Original cataloging agency DPL
Language of cataloging Eng
082 ## - DEWEY DECIMAL CLASSIFICATION NUMBER
Classification number 658.1511
100 ## - MAIN ENTRY--PERSONAL NAME
Personal name Khan, M. Y.
245 ## - TITLE STATEMENT
Title Management accounting :
Statement of responsibility, etc by M. Y. Khan [and] P K. Jain
Remainder of title text, problems and cases /
250 ## - EDITION STATEMENT
Edition statement 5th ed
260 ## - PUBLICATION, DISTRIBUTION, ETC. (IMPRINT)
Place of publication, distribution, etc New Delhi
Name of publisher, distributor, etc Tata Mcgraw Hill
Date of publication, distribution, etc 2010
270 ## - ADDRESS
Address 7,West Patel Nagar
City New Delhi
Postal code 110008
300 ## - PHYSICAL DESCRIPTION
Extent various pagings
Dimensions 24 cm (pbk)
500 ## - GENERAL NOTE
General note includes index
700 ## - ADDED ENTRY--PERSONAL NAME
Personal name Jain, P. K.
942 ## - ADDED ENTRY ELEMENTS (KOHA)
Source of classification or shelving scheme Dewey Decimal Classification
Item type English Books
Call number suffix KHA
Classification part 658.1511
Holdings
Withdrawn status Lost status Source of classification or shelving scheme Damaged status Not for loan Collection code Home library Current library Date acquired Source of acquisition Cost, normal purchase price Total Checkouts Full call number Barcode Date last seen Copy number Cost, replacement price Koha item type
    Dewey Decimal Classification   Not For Loan Non-fiction D.B.Act.Division D.B.Act.Division 10/05/2010 DBAD/PUB 485.00   KHA EN-79781 01/06/2010 1 485.00 English Books

© Delhi Public Library
Hit Counter
free hit counter